00545 2200217 4500001002100000005001500021035002000036007000300056008004100059020001800100082001200118084001800130100002500148245002700173250001200200260004700212300002200259600002700281856000800308990001100316INLIS00000000000037720260413090057 a0010-0426000036ta260413 0  a979-421-706-9 a297.072 a297.072 DR. m0 aDR.H.ABUDDIN NATA,MA1 aMETODOLOGI STUDI ISLAM aketujuh aJakarta :bPT.RAJA GRAFINDO PERSADA,c1998 a405 hlm ;c20,5cm 4ametodologi studi islam a300 a35.114